| 000 | 00565nam a2200241 a 4500 | ||
|---|---|---|---|
| 999 |
_c549 _d549 |
||
| 001 | 549 | ||
| 003 | BD-JhCC | ||
| 005 | 20180102091829.0 | ||
| 008 | 171007s1956 us |||| ||a| 000 0 eng d | ||
| 035 | _a(BD-JhCC) 549 | ||
| 040 |
_aBD-JhCC _dBD-JhCC |
||
| 041 | _aeng | ||
| 082 |
_a507.2 _bOWE 1956 |
||
| 100 | _aOwen, C.B | ||
| 245 |
_aMethods for science masters / _cC. B. Owen |
||
| 260 | _aU.K: | ||
| 300 |
_a165 P.: _c22 CM. |
||
| 504 | _aIncludes Bibliography | ||
| 600 | _aScience | ||
| 651 | _aU.K | ||
| 942 |
_2ddc _cBK |
||